A l'oree de la for^et vierge : (Record no. 153650)
[ view plain ]
| 000 -LEADER | |
|---|---|
| fixed length control field | 00854cam0a220022900 4500 |
| 001 - CONTROL NUMBER | |
| control field | qcf00192015 |
| 005 - DATE AND TIME OF LATEST TRANSACTION | |
| control field | 20190823112739.0 |
| 008 - FIXED-LENGTH DATA ELEMENTS--GENERAL INFORMATION | |
| fixed length control field | 831115s1952 fr a 000 0 fre d |
| 035 ## - SYSTEM CONTROL NUMBER | |
| System control number | (Sirsi) r101144 |
| 035 ## - SYSTEM CONTROL NUMBER | |
| System control number | (QCAT)lss03935605 |
| 035 ## - SYSTEM CONTROL NUMBER | |
| System control number | (UPRA)qcf00192015 |
| 040 ## - CATALOGING SOURCE | |
| Modifying agency | UPRA |
| 100 1# - MAIN ENTRY--PERSONAL NAME | |
| Personal name | Schweitzer, Albert, 1875-1965. |
| Dates associated with a name | Schweitzer, Albert, 1875-1965. |
| Linkage | A11184.1 |
| 245 10 - TITLE STATEMENT | |
| Title | A l'oree de la for^et vierge : |
| Remainder of title | recits et reflexions d'un medecin en Afrique equatoriale francaise. |
| 250 ## - EDITION STATEMENT | |
| Edition statement | Nouv. ed. |
| 260 ## - PUBLICATION, DISTRIBUTION, ETC. | |
| Place of publication, distribution, etc. | Paris : |
| Name of publisher, distributor, etc. | A. Michel, |
| Date of publication, distribution, etc. | [1952] |
| 500 ## - GENERAL NOTE | |
| General note | Translation of Zwischen Wasser und Urwald. |
| 650 #0 - SUBJECT ADDED ENTRY--TOPICAL TERM | |
| Topical term or geographic name entry element | Missions -- Gabon. |
| Geographic subdivision | Missions -- Gabon. |
| Linkage | S45651.1 |
| 651 #0 - SUBJECT ADDED ENTRY--GEOGRAPHIC NAME | |
| Geographic name | Gabon -- Description and travel. |
| General subdivision | Gabon -- Description and travel. |
| Linkage | S40210.1 |
| 949 ## - LOCAL PROCESSING INFORMATION (OCLC) | |
| a | BV3625 |
| w | lcc |
| i | -144090 |
| m | MAIN |
| t | BOOK |
| l | ON-SHELF |
No items available.